LEADER 01725nam 2200361Ia 450 001 996388226003316 005 20221108071926.0 035 $a(CKB)1000000000636375 035 $a(EEBO)2240937448 035 $a(OCoLC)9920312500971 035 $a(EXLCZ)991000000000636375 100 $a19950918d1549 uy | 101 0 $aeng 135 $aurbn||||a|bb| 200 10$aInstruccions geuen by the kynges maiestie, to his commissioners, appoynted for the execucion of certain statutes, made in the fourth yere of the reigne of Kyng Henry the Seuenth and the vii and the xxvii yere of the reigne of Kyng Henry the Eight$b[electronic resource] $eto be inquired of, iu [sic] the shires and places, in the commission hereunto annexed, expressed 210 $aExcusum Londini $cIn ędibus Richardi Graftoni regij impressoris$dMe[n]se Iulij, M.D.XLIX 215 $a1 sheet ([1] p.) 300 $aReproduction of original in: Society of Antiquaries. 330 $aeebo-0147 606 $aInclosures$zEngland 606 $aLand tenure$xLaw and legislation$zEngland 607 $aGreat Britain$xHistory$yEdward VI, 1547-1553 608 $aBroadsides$zLondon (England)$y16th century.$2rbgenr 615 0$aInclosures 615 0$aLand tenure$xLaw and legislation 701 $aEdward$cKing of England,$f1537-1553.$01002269 801 0$bEBK 801 1$bEBK 801 2$bWaOLN 906 $aBOOK 912 $a996388226003316 996 $aInstruccions geuen by the kynges maiestie, to his commissioners, appoynted for the execucion of certain statutes, made in the fourth yere of the reigne of Kyng Henry the Seuenth and the vii and the xxvii yere of the reigne of Kyng Henry the Eight$92305581 997 $aUNISA LEADER 01785nam a2200361 i 4500 001 991001711679707536 008 060621s2005 riua b 100 0 eng 020 $a082183701X 035 $ab13415372-39ule_inst 040 $aDip.to Matematica$beng 082 0 $a512$222 084 $aAMS 00B25 084 $aAMS 14C05 084 $aAMS 14N35 084 $aLC QA176.I58 111 2 $aInternational Conference on Infinite-Dimensional Aspects of Representation Theory and Applications$d<2004 ;$cUniversity of Virginia, Charlottesville, Virginia>$0623793 245 10$aInfinite-dimensional aspects of representation theory and applications :$bInternational Conference on Infinite-dimensional aspects of representation theory and applications, May 18-22, 2004, University of Virginia, Charlottesville, Virginia /$cStephen Berman ... [et al.], editors 260 $aProvidence, R. I. :$bAmerican Mathematical Society,$cc2005 300 $avii, 154 p. :$bill. ;$c26 cm 440 0$aContemporary mathematics,$x0271-4132 ;$v392 504 $aIncludes bibliographical references 650 0$aRepresentations of algebras$vCongresses 650 0$aRepresentations of groups$vCongresses 650 0$aGeometry, Algebraic$vCongresses 650 0$aAlgebra, Homological$vCongresses 650 0$aQuantum groups$vCongresses 700 1 $aBerman, Stephen$eauthor$4http://id.loc.gov/vocabulary/relators/aut$0296355 907 $a.b13415372$b16-11-06$c21-06-06 912 $a991001711679707536 945 $aLE013 00B BER11 (2005)$g1$i2013000202976$lle013$op$pE42.10$q-$rl$s- $t0$u0$v0$w0$x0$y.i14266763$z12-07-06 996 $aInfinite-dimensional aspects of representation theory and applications$91462229 997 $aUNISALENTO 998 $ale013$b21-06-06$cm$da $e-$feng$griu$h0$i0 LEADER 03151nam a2200445 i 4500 001 991003506889707536 006 m o d 007 cr cnu|||unuuu 008 180530s2016 sz 000 0 eng d 020 $a9783319459554 020 $a9783319459547 024 7 $a10.1007/978-3-319-45955-4$2doi 035 $ab14343794-39ule_inst 040 $aBibl. Dip.le Aggr. Matematica e Fisica - Sez. Matematica$beng 082 04$a512.7$223 084 $aAMS 11A15 084 $aLC QA241-247.5 100 1 $aWright, Steve$0441712 245 10$aQuadratic residues and non-residues$h[e-book] :$bselected topics /$cby Steve Wright 260 $aCham :$bSpringer,$c2016 300 $a1 online resource (xiii, 292 p. 20 ill.) 490 1 $aLecture Notes in Mathematics,$x0075-8434 ;$v2171 505 0 $aChapter 1. Introduction: Solving the General Quadratic Congruence Modulo a Prime ; Chapter 2. Basic Facts ; Chapter 3. Gauss' Theorema Aureum: the Law of Quadratic Reciprocity ; Chapter 4. Four Interesting Applications of Quadratic Reciprocity ; Chapter 5. The Zeta Function of an Algebraic Number Field and Some Applications ; Chapter 6. Elementary Proofs ; Chapter 7. Dirichlet L-functions and the Distribution of Quadratic Residues ; Chapter 8. Dirichlet's Class-Number Formula ; Chapter 9. Quadratic Residues and Non-residues in Arithmetic Progression ; Chapter 10. Are quadratic residues randomly distributed? ; Bibliography 520 $aThis book offers an account of the classical theory of quadratic residues and non-residues with the goal of using that theory as a lens through which to view the development of some of the fundamental methods employed in modern elementary, algebraic, and analytic number theory. The first three chapters present some basic facts and the history of quadratic residues and non-residues and discuss various proofs of the Law of Quadratic Reciprosity in depth, with an emphasis on the six proofs that Gauss published. The remaining seven chapters explore some interesting applications of the Law of Quadratic Reciprocity, prove some results concerning the distribution and arithmetic structure of quadratic residues and non-residues, provide a detailed proof of Dirichlet?s Class-Number Formula, and discuss the question of whether quadratic residues are randomly distributed. The text is a valuable resource for graduate and advanced undergraduate students as well as for mathematicians interested in number theory 650 0$aCommutative algebra 650 0$aCommutative rings 650 0$aAlgebra 650 0$aField theory (Physics) 650 0$aFourier analysis 650 0$aConvex geometry 650 0$aDiscrete geometry 650 0$aNumber theory 773 0 $aSpringer eBooks 776 08$iPrinted edition:$z9783319459547 856 40$uhttps://link.springer.com/book/10.1007/978-3-319-45955-4$zAn electronic book accessible through the World Wide Web 907 $a.b14343794$b03-03-22$c30-05-18 912 $a991003506889707536 996 $aQuadratic residues and non-residues$91412561 997 $aUNISALENTO 998 $ale013$b30-05-18$cm$d@ $e-$feng$gsz $h0$i0